Využitie dátovo riadených metód v hydrológii

Guardado en:
Detalles Bibliográficos
Autor principal: Häusler, Filip, 1987- (Autor)
Otros Autores: Čistý, Milan, 1957- (Orientador)
Formato: Manuscrito Libro
Lenguaje:eslovaco
Publicado: Bratislava : STU v Bratislave SvF, 2012
Materias:
Acceso en línea:VAIS
Etiquetas: Agregar Etiqueta
Sin Etiquetas, Sea el primero en etiquetar este registro!

MARC

LEADER 00000ntm a22000003a 4500
001 stu252337
005 20150617230225.5
008 120721s2012----xo------------------slo-d
040 |a STU  |b slo 
041 0 |a slo 
044 |a xo 
100 1 |a Häusler, Filip,  |d 1987-  |4 aut  |u V  |T SvF Stavebná fakulta  |X 39638  |U V  |Y 10  |7 A000039638 
242 0 0 |a Using data-driven methods in hydrology  |y eng 
245 1 |a Využitie dátovo riadených metód v hydrológii 
260 |a Bratislava :  |b STU v Bratislave SvF,  |c 2012 
650 7 |a vodné stavby a vodné hospodárstvo  |2 stusub 
650 7 |a Hydraulic Engineering and Water Resources Management  |2 estusub 
700 1 |a Čistý, Milan,  |d 1957-  |4 ths  |u V160  |U SvF Stavebná fakulta  |T SvF Katedra vodného hospodárstva krajiny  |X 4056  |U V160  |Y 16  |7 A000004056 
856 4 |a info a plný text  |u http://is.stuba.sk/zp/portal_zp.pl?podrobnosti=58972  |3 VAIS